| 000 | 00408nam a22001457a 4500 | ||
|---|---|---|---|
| 082 |
_aP-340 _bP-340 |
||
| 100 |
_aNaveed Khan, Syndicate No 9 _948166 |
||
| 245 |
_aComparison between destructive, non destructive testing of concrete _cNaveed Khan, Mobeen Cheema |
||
| 260 | _c2007 | ||
| 300 | _a81 P, : | ||
| 526 |
_a0 _b0 _c0 _dP_340_P340 |
||
| 650 | _aProject | ||
| 700 |
_aMarwat _947741 |
||
| 942 |
_2ddc _cBK |
||
| 999 |
_c551182 _d551182 |
||